000
00275nam a22001217a 4500
082
_a
823
_b
PAI/T
100
_a
PAI, ANANT (ED)
245
_a
TINKLE
_b
DIGEST
260
_a
MUMBAI
_b
PADMINI MIRCHANDANI
_c
2003
300
_a
96
650
_a
ENGLISH SHORT STORY
_z
MUMBAI
942
_c
BK
999
_c
2703
_d
2703